5HLuxD.jpg

KING HENRY VIII SENIOR AND PRIMARY SCHOOL LIBRARY OPAC

The lion, the witch and the wardrobe / (Record no. 2939)

000 -LEADER
fixed length control field 02339aam a2200481 a 4500
001 - CONTROL NUMBER
control field 019934712
003 - CONTROL NUMBER IDENTIFIER
control field Uk
005 - DATE AND TIME OF LATEST TRANSACTION
control field 20241102143447.0
006 - FIXED-LENGTH DATA ELEMENTS--ADDITIONAL MATERIAL CHARACTERISTICS
fixed length control field m || d |
007 - PHYSICAL DESCRIPTION FIXED FIELD--GENERAL INFORMATION
fixed length control field cr |||||||||||
008 - FIXED-LENGTH DATA ELEMENTS--GENERAL INFORMATION
fixed length control field 130204r20121998enk o 000 d eng
015 ## - NATIONAL BIBLIOGRAPHY NUMBER
National bibliography number GBC0E1414
Source bnb
020 ## - INTERNATIONAL STANDARD BOOK NUMBER
Qualifying information paperback
International Standard Book Number 9781840020496
037 ## - SOURCE OF ACQUISITION
Stock number 9781849435499
Source of stock number/acquisition codeMantra
040 ## - CATALOGING SOURCE
Original cataloging agency Uk
Language of cataloging eng
Transcribing agency Uk
Modifying agency KH8
042 ## - AUTHENTICATION CODE
Authentication code ukblcatcopy
072 #7 - SUBJECT CATEGORY CODE
Subject category code PER011000
Source bisacsh
072 #7 - SUBJECT CATEGORY CODE
Subject category code DRA003000
Source bisacsh
082 04 - DEWEY DECIMAL CLASSIFICATION NUMBER
Classification number 822.914 LEW
Edition number 21
100 1# - MAIN ENTRY--PERSONAL NAME
Personal name Lewis, C. S,
Relator term author.
245 14 - TITLE STATEMENT
Title The lion, the witch and the wardrobe /
Statement of responsibility, etc. C.S. Lewis ; dramatised by Adrian Mitchell.
264 #1 - PRODUCTION, PUBLICATION, DISTRIBUTION, MANUFACTURE, AND COPYRIGHT NOTICE
Place of production, publication, distribution, manufacture London :
Name of producer, publisher, distributor, manufacturer Oberon Books,
Date of production, publication, distribution, manufacture, or copyright notice 2012.
264 #4 - PRODUCTION, PUBLICATION, DISTRIBUTION, MANUFACTURE, AND COPYRIGHT NOTICE
Date of production, publication, distribution, manufacture, or copyright notice ©1998
300 ## - PHYSICAL DESCRIPTION
Extent 106 pages;
Dimensions 13 cm x 21 cm.
336 ## - CONTENT TYPE
Content type term text
Source rdacontent
337 ## - MEDIA TYPE
Media type term computer
Source rdamedia
338 ## - CARRIER TYPE
Carrier type term online resource
Source rdacarrier
490 1# - SERIES STATEMENT
Series statement Oberon plays for young people
500 ## - GENERAL NOTE
General note Revised and reprinted. Originally published in print: 1998.
505 0# - FORMATTED CONTENTS NOTE
Formatted contents note Front Cover; Half-Title Page; Title Page; Copyright Page; PREFACE FOR CHILDREN; Characters; Scenes and Songs; ACT ONE; 1. The Dark Train; 2. The Steps of the Professor's House; 3. The Girls' Bedroom; 4. The Steps of the Professor's House; 5. Inside the Professor's House; 6. The Lantern Waste; 7. In the Cave; 8. The Lantern Waste; 9. The Garden by the Steps; 10. Inside the Professor's House; 11. The Lantern Waste; 12. Inside the Professor's House; 13. The Lantern Waste; 14. The Beavers' House; 15. The Witch's Courtyard; 16. Outside the Beavers' House; 17. In the Witch's House; ACT TWO.
505 8# - FORMATTED CONTENTS NOTE
Formatted contents note 18. Out in the Snow19. The Stone Table; 20. The Dark Wood; 21. The Stone Table; 22. The Journey; 23. The Witch's Courtyard; 24. The Stone Table; 25. The Great Hall of Cair Paravel; 26. The Lantern Waste; 27. Inside the Professor's House; Back Matter.
650 #0 - SUBJECT ADDED ENTRY--TOPICAL TERM
Topical term or geographic name entry element Narnia (Imaginary place)
Form subdivision Drama.
650 #0 - SUBJECT ADDED ENTRY--TOPICAL TERM
Topical term or geographic name entry element English drama
Chronological subdivision 20th century.
650 #7 - SUBJECT ADDED ENTRY--TOPICAL TERM
Topical term or geographic name entry element Theater.
Source of heading or term bisacsh
650 #7 - SUBJECT ADDED ENTRY--TOPICAL TERM
Topical term or geographic name entry element British & Irish.
Source of heading or term bisacsh
650 #7 - SUBJECT ADDED ENTRY--TOPICAL TERM
Topical term or geographic name entry element English drama.
Source of heading or term fast
Authority record control number or standard number (OCoLC)fst00910737
650 #7 - SUBJECT ADDED ENTRY--TOPICAL TERM
Topical term or geographic name entry element Narnia (Imaginary place)
Source of heading or term fast
Authority record control number or standard number (OCoLC)fst01032923
655 #4 - INDEX TERM--GENRE/FORM
Genre/form data or focus term Electronic books.
655 #7 - INDEX TERM--GENRE/FORM
Genre/form data or focus term Drama.
Source of term fast
Authority record control number or standard number (OCoLC)fst01423879
700 ## - ADDED ENTRY--PERSONAL NAME
Personal name Mitchell, Adrian.
830 #0 - SERIES ADDED ENTRY--UNIFORM TITLE
Uniform title Oberon modern plays.
942 ## - ADDED ENTRY ELEMENTS (KOHA)
Source of classification or shelving scheme
Koha item type Teaching Resources
Holdings
Withdrawn status Lost status Source of classification or shelving scheme Damaged status Not for loan Collection code Permanent Location Current Location Shelving location Date acquired Total Checkouts Full call number Barcode Date due Date last seen Date last checked out Price effective from Koha item type
          Teaching Resources KH8 Senior School Library KH8 Senior School Library Staff Office 2023-09-13 2 822.914 LEW TRKHSL003069 2026-07-03 2025-08-28 2025-08-28 2023-09-13 Teaching Resources

Powered By KH8 IT Dept